Guidelines for designing data collection and sharing systems for co-managed fisheries / (Record no. 16076)

000 -LEADER
fixed length control field 00606cam a2200181Ka 4500
020 ## - INTERNATIONAL STANDARD BOOK NUMBER
ISBN 9251054096 (pt.1)
020 ## - INTERNATIONAL STANDARD BOOK NUMBER
ISBN 925105410X (pt. 2)
040 ## - CATALOGING SOURCE
Transcribing agency AGL
082 ## - DEWEY DECIMAL CLASSIFICATION NUMBER
Classification number 338 FOO 2005 A079 Or.
100 1# - MAIN ENTRY--AUTHOR NAME
Personal name Halls, Ashley S.
245 10 - TITLE STATEMENT
Title Guidelines for designing data collection and sharing systems for co-managed fisheries /
260 ## - PUBLICATION, DISTRIBUTION, ETC. (IMPRINT)
Place of publication Rome :
Name of publisher Food and Agriculture Organization of the United Nations,
Year of publication 2005
300 ## - PHYSICAL DESCRIPTION
Number of Pages v. :
Other physical details ill. (some col.) ;
Dimensions 30 cm
650 #0 - SUBJECT ADDED ENTRY--TOPICAL TERM
Topical Term Fisheries
650 #0 - SUBJECT ADDED ENTRY--TOPICAL TERM
Topical Term Fishery management
710 2# - ADDED ENTRY--CORPORATE NAME
Corporate name or jurisdiction name as entry element Food and Agriculture Organization of the United Nations
942 ## - ADDED ENTRY ELEMENTS (KOHA)
Koha item type សៀវភៅភាសាអង់គ្លេស
952 ## - LOCATION AND ITEM INFORMATION (KOHA)
Withdrawn status [LOCAL, KOHA] 0
Holdings
Permanent Location Date acquired Koha item type Lost status Shelving location Barcode Current Location Full call number
Library Block A2018-01-03សៀវភៅភាសាអង់គ្លេស A079RUA060556Library Block A338 FOO 2005 A079 Or.
មជ្ឈមណ្ឌលឯការនៃសាកលវិទ្យាល័យភូមិន្ទកសិកម្មចំការដូង

Powered by Koha